000 00299cam a22001097a 4500
008 180718b1923 xxu||||| |||| 00| 0 eng d
082 _aA42x5444
100 _aMysore Legislative Department
245 _aCode of the laws in force in Mysore
260 _aBangalore
_bThe author
_c1923
300 _a385+p.
999 _c488506
_d488506